000 00371nam a2200145Ia 4500
005 20251222175924.0
008 251222s9999||||xx |||||||||||||| ||spa||
020 _a9786124218279
082 _a345.05/C94
100 _aCubas Villanueva, VĂ­ctor
245 0 _aEl Nuevo Proceso Penal Peruano:
250 _a2da.ed.
264 _bPalestra Editores S. A. C.
942 _cLIB
999 _c40779
_d40779